LEADER 01034nam a2200241 i 4500 001 000000142892 003 CaOOAMICUS 005 20181106170526.0 008 050914s1937 it u000 u ita u 013 $a118248 040 $aSeMil$bita 100 1 $aPirandello, Luigi,$d<1867-1936>.$0(OLS)http://semarc/name/1133 245 10$aCosí č (se vi pare) ; Tutto per bene ; La ragione degli altri /$cLuigi Pirandello. 250 $a2. rist 264 0$aMilano :$bMondadori,$cstampa 1937. 300 $a333 p. ;$c19 cm 773 0 $aPirandello, Luigi <1867-1936>$tTutto il teatro di Luigi Pirandello.$dMilano : Mondadori, stampa 1937.$g5$w()14235 850 $aSeMil 852 $aSeMil$W1$xVenegono$y1$m1A VI 91$j212125$B96027$CSeMilBibl$Z2$F102895 $81 961 $aRecupero: Biblioteca Seminario Seveso (fino al 1985) 996 $6245$aCosí č (se vi pare) ; Tutto per bene ; La ragione degli altri$9(OLS)http://semarc/title/209045 996 $6264$aMilano :$bMondadori$9(OLS)http://semarc/publisher/30335 LEADER 01296nam a2200301 4500 001 000000366182 003 CaOOAMICUS 005 20260206145254.0 008 260130s2025 it 000 u ita r 020 $a978-88-07-90165-2 040 $aSeMil$bita 100 1 $aDoyle, Arthur Conan,$d<1859-1930>.$0(OLS)http://semarc/name/63517 240 12$aA study in scarlet.$0(OLS)http://semarc/title/457901 245 14$aUno studio in rosso /$cArthur Conan Doyle ; a cura di Giancarlo Carlotti. 250 $a12. ed. 264 1$aMilano :$bFeltrinelli,$c2025. 300 $a171 p. ;$c20 cm 490 1 $aUniversale Economica Feltrinelli. Classici 500 $aIn mezzo al front.: in appendice l'Autobiografia di Conan Doyle 700 1 $aCarlotti, Giancarlo.$0(OLS)http://semarc/name/123668 830 0$aUniversale Economica Feltrinelli. Classici.$0(OLS)http://semarc/title/443958 850 $aSeMil 852 $aSeMil$W1$xVenegono$y1$m1W II 201$j267073$B256950$CSeMilBibl$Z2$F256950 $81 961 $aBrambilla don Paolo - Omaggio 996 $6020$a978-88-07-90165-2$9(OLS)http://semarc/number/305168 996 $6245$aUno studio in rosso$9(OLS)http://semarc/title/457902 996 $6264$aMilano :$bFeltrinelli$9(OLS)http://semarc/publisher/30237